হৃদযন্ত্রের ইতিবৃত্ত / (Record no. 10630)
[ view plain ]
| 000 -LEADER | |
|---|---|
| fixed length control field | 00745nam a22002057a 4500 |
| 001 - CONTROL NUMBER | |
| control field | BD-DhSAU 10630 |
| 003 - CONTROL NUMBER IDENTIFIER | |
| control field | BD-DhSAU |
| 005 - DATE AND TIME OF LATEST TRANSACTION | |
| control field | 20150703104701.0 |
| 008 - FIXED-LENGTH DATA ELEMENTS--GENERAL INFORMATION | |
| fixed length control field | 150624b 2006 bg |||| |||| 00| 0 bbend |
| 040 ## - CATALOGING SOURCE | |
| Original cataloging agency | BD-DhSAU |
| 082 ## - DEWEY DECIMAL CLASSIFICATION NUMBER | |
| Edition number | 22 |
| Classification number | ... |
| Item number | জনহৃ |
| 100 ## - MAIN ENTRY--PERSONAL NAME | |
| Personal name | জনসন, মেরিলিন |
| 245 ## - TITLE STATEMENT | |
| Title | হৃদযন্ত্রের ইতিবৃত্ত / |
| Statement of responsibility, etc. | মেরিলিন জনসন |
| 260 ## - PUBLICATION, DISTRIBUTION, ETC. (IMPRINT) | |
| Place of publication, distribution, etc. | ঢাকা : |
| Name of publisher, distributor, etc. | পারফেক্ট প্রিন্টার্স, |
| Date of publication, distribution, etc. | ২০০৬. |
| 300 ## - PHYSICAL DESCRIPTION | |
| Extent | ১৪৪ পৃ। : |
| Dimensions | ২২ সে মি। |
| Other physical details | চিত্র ; |
| 590 ## - Name of Cataloguer | |
| Name of Cataloger | Jerin |
| 650 ## - SUBJECT ADDED ENTRY--TOPICAL TERM | |
| Topical term or geographic name as entry element | হৃদযন্ত্র |
| 650 ## - SUBJECT ADDED ENTRY--TOPICAL TERM | |
| Topical term or geographic name as entry element | ডায়াবেটিস |
| 942 ## - ADDED ENTRY ELEMENTS (KOHA) | |
| Source of classification or shelving scheme | Dewey Decimal Classification |
| Koha item type | Book |
| Withdrawn status | Lost status | Source of classification or shelving scheme | Damaged status | Not for loan | Collection code | Home library | Branch Name | Shelving location | Date acquired | Total Checkouts | Full call number | Barcode | Date last seen | Price effective from | Koha item type |
|---|---|---|---|---|---|---|---|---|---|---|---|---|---|---|---|
| Dewey Decimal Classification | Not For Loan | Non-fiction | SAU Library | SAU Library | Reference | 09/01/2011 | ... জনহৃ | 36512 | 03/07/2015 | 03/07/2015 | Book |
